000 00209nam a2200085Ia 4500
008 230508s9999 xx 000 0 und d
041 _aeng
100 _aSALUNKHE N.S.
245 _aMECHANICAL ENGINEERING MATERIALS
999 _c741941
_d741941